LEADER 00809nam0-22002891i-450- 001 990006060800403321 005 19980601 035 $a000606080 035 $aFED01000606080 035 $a(Aleph)000606080FED01 035 $a000606080 100 $a19980601d1959----km-y0itay50------ba 105 $a--------00-yy 200 1 $aEinfuhrung in die Ontologie$fAlwin Diemer. 210 $aMeisenheim am Glan$cVerlag Anton Hain$d1959 215 $a173 p.$d24 cm 225 1 $aMonographien zur philosophischen Forschung$v145 676 $a111 700 1$aDiemer,$bAlwin$0230901 801 0$aIT$bUNINA$gRICA$2UNIMARC 901 $aBK 912 $a990006060800403321 952 $aXI Q 112 (22)$b59295$fFGBC 959 $aFGBC 996 $aEinfuhrung in die Ontologie$9578357 997 $aUNINA DB $aGIU01 LEADER 01617cam2 2200313 450 001 E600200016242 005 20240307100436.0 010 $a8808073890 100 $a20060221d2006 |||||ita|0103 ba 101 $aita 102 $aIT 200 1 $aDella societą per azioni. Tomo 1., Disposizioni generali, della costituzione per pubblica sottoscrizione, dei promotori e dei soci fondatori, dei patti parasociali$eart. 2325-2341 ter$fFrancesco Galgano: art. 2325-2328, 2331, § 1-5, 2332-2341, Pietro Zanelli: art. 2328-2330, 2331, § 6, Giuseppe Sbisą: art. 2341 bis-2341 ter 210 $aBologna$cZanichelli$aRoma$cSoc. ed. del Foro italiano$d2006 215 $aXVII, 286 p.$d25 cm 461 1$1001SOBE00042563$12001 $aLibro quinto : Del lavoro 700 1$aGalgano$b, Francesco$3AF00004046$4070$0267658 701 1$aZanelli, Pietro$3AF00004136$4070$0233443 701 1$aSbisą, Giuseppe$3AF00009252$4070$0279964 801 0$aIT$bUNISOB$c20240307$gRICA 850 $aUNISOB 852 $aUNISOB$j340|Coll|31|D$m128396 852 $aUNISOB$j340|Coll|31|D$m128758 912 $aE600200016242 940 $aM 102 Monografia moderna SBN 941 $aM 957 $a340|Coll|31|D$b000020$gSi$d128396$racquisto$1catenacci$2UNISOB$3UNISOB$420060221112534.0$520240307100419.0$6Alfano 957 $a340|Coll|31|D$b000020$i-b$gSI$d128758$1menle$2UNISOB$3UNISOB$420140625125648.0$520240307100426.0$6Alfano 996 $aDella societą per azioni. Tomo 1., Disposizioni generali, della costituzione per pubblica sottoscrizione, dei promotori e dei soci fondatori, dei patti parasociali$91690496 997 $aUNISOB